Quick Pick: Boxer Nicknames Quiz Stats

 Plays Quiz Updated Dec 26, 2017

Challenge
Share
Tweet
Embed
Score 0/14 Timer 01:30
0 Plays Today
% Correct
Muhammad Ali
95.9%
Mike Tyson
95.9%
George Foreman
95.7%
Ray Robinson
93.6%
Manny Pacquiao
90.1%
Joe Frazier
83.8%
Jake LaMotta
78.9%
% Correct
Héctor Camacho
78%
Rocky Marciano
77.3%
Floyd Mayweather, Jr.
74.8%
Joe Louis
71.8%
Oscar De La Hoya
70.1%
Rubin Carter
69.9%
Evander Holyfield
61.1%

Today's Daily Dose

You're not logged in!

Compare scores with friends on all Sporcle quizzes.
OR
Log In

You Might Also Like...

Show Comments

Extras

Top Quizzes Today


Score Distribution

Your Account Isn't Verified!

In order to create a playlist on Sporcle, you need to verify the email address you used during registration. Go to your Sporcle Settings to finish the process.

Report this User

Report this user for behavior that violates our Community Guidelines.

Details: